Chemical Elements without the Letter "M" - Statistics

General Stats
  • This quiz has been taken 119 times
  • The average score is 22 of 30
Answer Stats
# of letters Answer % Correct
4 Gold
96%
8 Hydrogen
95%
6 Oxygen
95%
6 Silver
94%
3 Tin
90%
6 Carbon
89%
8 Nitrogen
89%
4 Neon
86%
5 Boron
84%
4 Iron
84%
8 Fluorine
83%
8 Chlorine
79%
6 Copper
79%
4 Lead
79%
5 Argon
76%
5 Radon
76%
4 Zinc
75%
6 Iodine
74%
5 Xenon
71%
10 Phosphorus
69%
6 Sulfur
69%
6 Cobalt
68%
8 Tungsten
68%
7 Krypton
66%
7 Silicon
61%
7 Arsenic
56%
6 Nickel
54%
8 Astatine
40%
10 Tennessine
35%
9 Oganesson
33%
No matching quizzes found
Score Distribution
Percent of People with Each Score
Percentile by Number Answered
Your Score History
You have not taken this quiz